P[aní] Zdislava z Jablonného / [předmluva Ambrož Svatoš ; fotografie Jaromír Honsmejman]
Record details
- Physical Description: 52 s. : [30] s. fotogr. (převážně barev.) ; 21 cm
- Edition: 1. vyd.
- Publisher: Mimoň : RALSKO, [1990]
Content descriptions
| General Note: | Přehl. lit. |
| Issuing Body Note: | Vydavatel: Okresní národní výbor v České Lípě, Okresní vlastivědné muzeum |
Search for related items by subject
| Subject: | Zdislava, z Lemberka, svatá, asi 1220-1252 křesťanské světice šlechtičny > Česko > 13. století antropologický výzkum |
| Genre: | medailony biografie |
Available copies
- 1 of 1 copy available at Common Catalog SPOK.
Holds
- 0 current holds with 1 total copy.
Show Only Available Copies
| Location | Call Number / Copy Notes | Barcode | Shelving Location | Status | Due Date |
|---|---|---|---|---|---|
| Jabok Library | CD-8.14.1 | 424480004051 | Odborná literatura | Available | - |
| LDR | 01861nam a2200493 a 4500 | ||
|---|---|---|---|
| 001 | 15562 | ||
| 003 | CZ-PrJAB | ||
| 005 | 20200106114125.0 | ||
| 007 | tu | ||
| 008 | 910812s1990----xr a----------000-0bcze-- | ||
| 015 | . | ‡acnb000062559 | |
| 035 | . | ‡a(CZ-CbJVK)m0343425 | |
| 035 | . | ‡a(OCoLC)85674159 | |
| 040 | . | ‡aABA001 ‡bcze ‡dABA001 ‡dCBA001 | |
| 043 | . | ‡ae-xr--- | |
| 045 | . | ‡aq-q9 | |
| 072 | 7. | ‡a27 ‡xKřesťanství. Křesťanská církev všeobecně. Eklesiologie ‡95 ‡2Konspekt | |
| 072 | 7. | ‡a929 ‡xBiografie ‡98 ‡2Konspekt | |
| 080 | . | ‡a572:001.891 ‡2MRF | |
| 080 | . | ‡a(437.3) ‡2MRF | |
| 080 | . | ‡a929.7-055.2 ‡2MRF | |
| 080 | . | ‡a27-36-055.2 ‡2MRF | |
| 080 | . | ‡a(092) ‡2MRF | |
| 080 | . | ‡a929 ‡2MRF | |
| 245 | 0 | 0. | ‡aP[aní] Zdislava z Jablonného / ‡c[předmluva Ambrož Svatoš ; fotografie Jaromír Honsmejman] |
| 246 | 3 | . | ‡aP. Zdislava z Jablonného |
| 246 | 1 | 4. | ‡aZdislava z Lemberka |
| 250 | . | ‡a1. vyd. | |
| 260 | . | ‡aMimoň : ‡bRALSKO, ‡c[1990] ‡e(Liberec : ‡fPSML) | |
| 300 | . | ‡a52 s. : ‡b[30] s. fotogr. (převážně barev.) ; ‡c21 cm | |
| 500 | . | ‡aPřehl. lit. | |
| 550 | . | ‡aVydavatel: Okresní národní výbor v České Lípě, Okresní vlastivědné muzeum | |
| 600 | 0 | 7. | ‡aZdislava, ‡cz Lemberka, svatá, ‡dasi 1220-1252 ‡7jn20000720335 ‡2czenas |
| 648 | 7. | ‡a13. století ‡7ch460551 ‡2czenas | |
| 650 | 0 | 7. | ‡akřesťanské světice ‡7ph122127 ‡2czenas |
| 650 | 0 | 7. | ‡ašlechtičny ‡zČesko ‡y13. století ‡7ph127828 ‡2czenas |
| 650 | 0 | 7. | ‡aantropologický výzkum ‡7ph118530 ‡2czenas |
| 655 | 7. | ‡amedailony ‡7fd185951 ‡2czenas | |
| 655 | 7. | ‡abiografie ‡7fd131909 ‡2czenas | |
| 700 | 1 | . | ‡aSvatoš, Ambrož, ‡d1913-2007 ‡7kpwa4606 ‡4aui |
| 700 | 1 | . | ‡aHonsmejman, Jaromír ‡7xx0030630 ‡4pht |
| 710 | 1 | . | ‡aČeská Lípa (Česko : okres). ‡bOkresní národní výbor ‡7ko2004263554 ‡4pbl |
| 710 | 2 | . | ‡aOkresní vlastivědné muzeum (Česká Lípa, Česko) ‡7xx0017255 ‡4pbl |
| 910 | . | ‡aABG312 | |
| 995 | . | ‡ask | |
| 901 | . | ‡a15562 ‡bCZ-PrJAB ‡c15562 ‡tbiblio | |